| 000 | 00567nam a22001697a 4500 | ||
|---|---|---|---|
| 008 | 161110b xxu||||| |||| 00| 0 eng d | ||
| 020 | _a978-971-23-7813-3 | ||
| 082 |
_22016 _aDFil 006.66 _bAn54a |
||
| 245 |
_aAnimation, volume 1/ _cInnovative Training Works, Inc. |
||
| 250 | _aFirst edition. | ||
| 260 |
_aSampaloc, Manila: _bRex Book Store, _cc2016. |
||
| 300 |
_a294 pages: _billustrations; _c25 cm. |
||
| 500 | _aIncludes bibliographical references and index. | ||
| 650 | 0 |
_917007 _aComputer animation. |
|
| 650 | 0 |
_917008 _aWeb sites _xDesign. |
|
| 942 |
_2ddc _cDFIL |
||
| 999 |
_c5517 _d5517 |
||